Ekonomika, financie a manažment podniku XVII. zborník príspevkov z konferencie

Guardado en:
Detalles Bibliográficos
Autores Corporativos: Ekonomika, financie a manažment podniku XVII.. Medzinárodná konferencia, Ekonomická univerzita v Bratislave. Fakulta podnikového manažmentu
Otros Autores: Hajduová, Zuzana, 1974-, Pavolová, Henrieta, Hampel, Katarzyna
Formato: Libro
Lenguaje:eslovaco
inglés
Publicado: Bratislava Vydavateľstvo EKONÓM 2024
Edición:1. vydanie
Materias:
Etiquetas: Agregar Etiqueta
Sin Etiquetas, Sea el primero en etiquetar este registro!

MARC

LEADER 00000nam a2200000 4500
001 0299580
005 20240502074537.7
020 |a 978-80-225-5125-0 
041 0 |a slo 
041 0 |a eng 
044 |a SK 
245 1 0 |a Ekonomika, financie a manažment podniku XVII.  |b zborník príspevkov z konferencie  |c editor: Zuzana Hajduová ; recenzenti: Henrieta Pavolová, Katarzyna Hampel 
250 |a 1. vydanie 
264 1 |a Bratislava  |b Vydavateľstvo EKONÓM  |c 2024 
300 |a 147 s. [7,9 AH] 
610 2 0 |a ekonomika 
610 2 0 |a financie 
610 2 0 |a riadenie podnikové 
610 2 0 |a podnik malý 
610 2 0 |a podnik stredný 
610 2 0 |a rovnosť rodová 
610 2 0 |a obchod elektronický 
610 2 0 |a podnikanie rodinné 
610 2 0 |a rozvoj trvalo udržateľný 
610 2 0 |a logistika 
610 2 0 |a koučovanie 
700 1 |a Hajduová, Zuzana, 1974- 
700 1 |a Pavolová, Henrieta 
700 1 |a Hampel, Katarzyna 
110 2 |a Ekonomika, financie a manažment podniku XVII.. Medzinárodná konferencia 
710 2 |a Ekonomická univerzita v Bratislave. Fakulta podnikového manažmentu